[Event "TUR-chT 2nd League"]
[Site "Konya"]
[Date "2022.08.25"]
[Round "5.7"]
[White "Uyan, Ata Gunduz"]
[Black "Bayramov, Zaur"]
[Result "1/2-1/2"]
[WhiteElo "1845"]
[BlackElo "2346"]
[PlyCount "88"]
[EventDate "2022.08.22"]
[EventType "team-swiss"]
[EventRounds "9"]
[EventCountry "TUR"]
[SourceTitle "CBM 210 Extra"]
[Source "ChessBase"]
[SourceDate "2022.11.30"]
[SourceVersion "1"]
[SourceVersionDate "2022.11.30"]
[SourceQuality "1"]
[WhiteTeam "Denizli Ihtisas"]
[BlackTeam "Cigli Batubey"]
[WhiteTeamCountry "TUR"]
[BlackTeamCountry "TUR"]

1. d4 Nf6 2. Bg5 c5 3. Bxf6 gxf6 4. c3 Qb6 5. Qb3 cxd4 6. Qxb6 axb6 7. cxd4 Nc6 8. e3 e5 9. dxe5 fxe5 10. Nc3 Bb4 11. Bc4 Bxc3+ 12. bxc3 Ra5 13. Ne2 d5 14. Bb3 Be6 15. 0-0-0 Rg8 16. g3 Rc5 17. Kb2 Na5 18. Nc1 Nc4+ 19. Bxc4 dxc4 20. f3 Ke7 21. Rd2 h5 22. Rhd1 h4 23. Rg1 hxg3 24. hxg3 Rh8 25. Kc2 Rh3 26. Ne2 Ra5 27. Kb1 Rd5 28. Kc2 Rh2 29. Rgd1 Rxd2+ 30. Rxd2 Rf2 31. Ng1 Rf1 32. Rd1 Rxd1 33. Kxd1 e4 34. f4 Bg4+ 35. Kd2 Ke6 36. a3 f6 37. Ke1 Kf5 38. Kf2 Bd1 39. Ke1 Bh5 40. Kf2 Bg4 41. Ke1 b5 42. Kf2 Ke6 43. Ke1 Kf5 44. Kf2 Ke6 1/2-1/2

[Event "TUR-chT 2nd League"]
[Site "Konya"]
[Date "2019.07.27"]
[Round "8.2"]
[White "Oztekin, Kerem Can"]
[Black "Uyan, Ata Gunduz"]
[Result "0-1"]
[WhiteElo "1933"]
[BlackElo "1781"]
[PlyCount "96"]
[EventDate "2019.07.22"]
[EventType "team-swiss"]
[EventRounds "9"]
[EventCountry "TUR"]
[SourceTitle "CBM 191 Extra"]
[Source "ChessBase"]
[SourceDate "2019.09.30"]
[SourceVersion "1"]
[SourceVersionDate "2019.09.30"]
[SourceQuality "1"]
[WhiteTeam "Mercan Egitim"]
[BlackTeam "Denizli Ihtisas"]
[WhiteTeamCountry "TUR"]
[BlackTeamCountry "TUR"]

1. e4 e6 2. b3 c5 3. Bb2 a6 4. Nf3 Nc6 5. Be2 d6 6. d4 cxd4 7. Nxd4 Qa5+ 8. Nd2 Nxd4 9. Bxd4 e5 10. Bb2 Nf6 11. 0-0 Be7 12. Nc4 Qc7 13. Qd3 Be6 14. Ne3 0-0 15. c4 Nd7 16. Ba3 Nc5 17. Bxc5 dxc5 18. Qc3 Rfd8 19. Rfd1 Rd4 20. Bf3 Rad8 21. Qc2 Qa5 22. Nd5 Bxd5 23. exd5 Bd6 24. Be4 g6 25. Bf3 Re8 26. Be2 Kg7 27. Qb2 Qd8 28. Rxd4 exd4 29. g3 h5 30. Bf1 h4 31. Qd2 hxg3 32. hxg3 Qe7 33. Bg2 Qe5 34. Kf1 Qf5 35. Kg1 Qe5 36. Kf1 Qf6 37. Qd3 Re3 38. Qd2 Rxg3 39. Re1 Rc3 40. Be4 Qh4 41. b4 b6 42. Bg2 Rxc4 43. Re4 Qh5 44. bxc5 bxc5 45. Ke1 Qxd5 46. Rh4 Qxg2 47. Qh6+ Kf6 48. Qh8+ Ke7 0-1

[Event "TUR-chT 2nd League"]
[Site "Konya"]
[Date "2018.07.18"]
[Round "4.7"]
[White "Benk, Tolga Tugay"]
[Black "Uyan, Ata Gunduz"]
[Result "1-0"]
[WhiteElo "1882"]
[BlackElo "1599"]
[PlyCount "170"]
[EventDate "2018.07.16"]
[EventType "team-swiss"]
[EventRounds "9"]
[EventCountry "TUR"]
[SourceTitle "EXT 2019"]
[Source "ChessBase"]
[SourceDate "2018.10.10"]
[SourceVersion "1"]
[SourceVersionDate "2018.10.10"]
[SourceQuality "1"]
[WhiteTeam "Samandag Altin"]
[BlackTeam "Denizli Ihtisas"]
[WhiteTeamCountry "TUR"]
[BlackTeamCountry "TUR"]

1. d4 Nf6 2. c4 e6 3. Nc3 d5 4. Bg5 Nbd7 5. e3 c6 6. cxd5 exd5 7. Bd3 Bd6 8. Qc2 a6 9. Nge2 h6 10. Bf4 Bxf4 11. Nxf4 b5 12. 0-0 0-0 13. Nce2 Nb8 14. Ng3 Qd6 15. Rfc1 Ra7 16. a4 Re7 17. Bf5 Bd7 18. Nd3 g6 19. Bxd7 Nfxd7 20. axb5 axb5 21. Nf1 Rc8 22. Nd2 Kg7 23. Nf3 Nf8 24. Ra8 Rec7 25. Nc5 Nbd7 26. Rxc8 Rxc8 27. Ra1 Rc7 28. Ra6 Nb8 29. Ra8 Nbd7 30. Qc3 Nb6 31. Ra6 Nbd7 32. Ne5 Nxc5 33. Qxc5 Qxc5 34. dxc5 Ne6 35. b4 Nd8 36. Kf1 f6 37. Nf3 Kf7 38. Ke2 Ne6 39. Kd3 Ke7 40. g4 Nd8 41. Ra8 Nf7 42. Kd4 Nd8 43. h4 g5 44. h5 Nf7 45. e4 Rd7 46. Rc8 Nd8 47. e5 Ne6+ 48. Kd3 Nd8 49. exf6+ Kxf6 50. Nd4 Kg7 51. Nxc6 Ne6 52. Ra8 Nf4+ 53. Kd2 Ne6 54. Ra7 Rxa7 55. Nxa7 Nc7 56. Kd3 Kf6 57. Kd4 Ke6 58. Nc8 Na6 59. Nd6 Nxb4 60. Nxb5 Nc6+ 61. Ke3 Ne5 62. f3 Nc4+ 63. Kd4 Nd2 64. Kd3 Nc4 65. Nd4+ Kf6 66. Nf5 Ne5+ 67. Kd4 Ke6 68. Ke3 Nc6 69. Kd3 Ne5+ 70. Ke2 Nd7 71. c6 Ne5 72. Ke3 Nxc6 73. Nxh6 Kf6 74. Nf5 Ne5 75. Nd4 Nf7 76. Nc6 Ke6 77. Kd4 Kd6 78. Nb4 Ne5 79. Nxd5 Nxf3+ 80. Ke4 Nh4 81. Ne3 Ke6 82. Nc4 Kf6 83. Nd2 Ng2 84. Kf3 Nh4+ 85. Kg3 Ke5 1-0

[Event "TUR-chT 2nd League"]
[Site "Konya"]
[Date "2018.07.17"]
[Round "2.5"]
[White "Uyan, Ata Gunduz"]
[Black "Alaoglu, Niyazi Bekirhan"]
[Result "0-1"]
[WhiteElo "1599"]
[BlackElo "1764"]
[PlyCount "74"]
[EventDate "2018.07.16"]
[EventType "team-swiss"]
[EventRounds "9"]
[EventCountry "TUR"]
[SourceTitle "EXT 2019"]
[Source "ChessBase"]
[SourceDate "2018.10.10"]
[SourceVersion "1"]
[SourceVersionDate "2018.10.10"]
[SourceQuality "1"]
[WhiteTeam "Denizli Ihtisas"]
[BlackTeam "Koroglu Dernegi"]
[WhiteTeamCountry "TUR"]
[BlackTeamCountry "TUR"]

1. d4 g6 2. c3 Nf6 3. Bg5 Bg7 4. Nd2 d6 5. e4 Nbd7 6. f4 0-0 7. Ngf3 Qe8 8. Bxf6 Nxf6 9. Qe2 Bg4 10. h3 Bxf3 11. Qxf3 e5 12. Bd3 exf4 13. Qxf4 c5 14. d5 Nxd5 15. Qxd6 Rd8 16. Qg3 Be5 17. Qf3 Nf4 18. Be2 Nxe2 19. Qxe2 Bg3+ 20. Kf1 f5 21. e5 Qxe5 22. Qxe5 Bxe5 23. Nf3 Bg3 24. h4 Rfe8 25. h5 Re7 26. Rh3 f4 27. hxg6 hxg6 28. Nh2 Rde8 29. Kg1 Re1+ 30. Rxe1 Rxe1+ 31. Nf1 Kg7 32. b3 b5 33. c4 b4 34. Rh1 Rb1 35. Rh3 Ra1 36. Rh1 Rxa2 37. Rh3 Ra1 0-1

[Event "TUR-chT 2nd League"]
[Site "Konya"]
[Date "2017.07.18"]
[Round "2.12"]
[White "Ozmen, Mustafa Lutfi Poyra"]
[Black "Uyan, Ata Gunduz"]
[Result "1/2-1/2"]
[WhiteElo "1922"]
[BlackElo "1652"]
[PlyCount "121"]
[EventDate "2017.07.17"]
[EventType "team-swiss"]
[EventRounds "9"]
[EventCountry "TUR"]
[SourceTitle "CBM 179 Extra"]
[Source "ChessBase"]
[SourceDate "2017.08.23"]
[SourceVersion "1"]
[SourceVersionDate "2017.08.23"]
[SourceQuality "1"]
[WhiteTeam "Mersin Zeka"]
[BlackTeam "Denizli Ihtisas"]
[WhiteTeamCountry "TUR"]
[BlackTeamCountry "TUR"]

1. Nf3 Nf6 2. c4 e6 3. g3 b6 4. Bg2 Bb7 5. 0-0 Be7 6. b3 0-0 7. Bb2 d6 8. d4 Nbd7 9. Nc3 Ne4 10. Nxe4 Bxe4 11. e3 f5 12. Qe2 h6 13. Rfd1 Qe8 14. b4 a5 15. b5 Qh5 16. Rd2 g5 17. Rc1 Nf6 18. c5 Rac8 19. Ne1 Bxg2 20. Qxh5 Nxh5 21. Kxg2 f4 22. cxb6 cxb6 23. Rdc2 Rxc2 24. Rxc2 fxe3 25. fxe3 Nf6 26. Rc6 Ne4 27. Nd3 Rb8 28. Ba3 Kf7 29. Rc7 Ke8 30. Nf2 Nf6 31. e4 Kd8 32. Rc6 Kd7 33. e5 dxe5 34. dxe5 Nd5 35. Bxe7 Kxe7 36. Ne4 Rf8 37. Nf6 Nxf6 38. exf6+ Kxf6 39. Rxb6 Rc8 40. h4 Rc2+ 41. Kf3 Rxa2 42. Ra6 a4 43. hxg5+ hxg5 44. b6 Rb2 45. Kg4 Rb4+ 46. Kh5 a3 47. Rxa3 Rxb6 48. Rf3+ Kg7 49. Kxg5 Rb5+ 50. Kg4 Kg6 51. Rf8 Rb4+ 52. Kf3 Ra4 53. Ke3 Rb4 54. Rf2 Ra4 55. Rf8 Rb4 56. Kf3 Ra4 57. Rf4 Rxf4+ 58. Kxf4 e5+ 59. Ke4 Kg5 60. g4 Kxg4 61. Kxe5 1/2-1/2